000 00255nam a2200109Ia 4500
008 220204s9999 xx 000 0 und d
082 _a681.31C
_bKAN
100 _aKanetkar, Y
245 0 _aC projects
260 _aNew Delhi
_bBPB Publications
942 _cBK
999 _c41395
_d41395